[Event "45th FIDE Chess Olympiad Open"]
[Site "Budapest, Hungary"]
[Date "2024.09.21"]
[Round "10"]
[White "Neiksans, Arturs"]
[Black "Murphy, Conor E"]
[Result "1-0"]
[Board "109"]
[WhiteFideId "11601388"]
[BlackFideId "421669"]
[WhiteTitle "GM"]
[BlackTitle "IM"]
[WhiteElo "2571"]
[BlackElo "2453"]
[WhiteTeam "Latvia"]
[BlackTeam "Ireland"]
[WhiteClock "0:17:04"]
[BlackClock "0:01:24"]
[Variant "Standard"]

1. c4 {[%clk 1:30:57]}  e5 {[%clk 1:30:53]} 2. g3 {[%clk 1:30:38]}  d5 {[%clk 1:31:03]} 3. cxd5 {[%clk 1:30:08]}  Qxd5 {[%clk 1:31:25]} 4. Nf3 {[%clk 1:30:11]}  Nc6 {[%clk 1:31:47]} 5. Nc3 {[%clk 1:29:34]}  Qd8 {[%clk 1:32:10]} 6. Bg2 {[%clk 1:29:22]}  Nf6 {[%clk 1:32:33]} 7. O-O {[%clk 1:28:36]}  h6 {[%clk 1:32:48]} 8. d3 {[%clk 1:26:46]}  Bd6 {[%clk 1:32:47]} 9. b3 {[%clk 1:25:01]}  O-O {[%clk 1:25:35]} 10. Bb2 {[%clk 1:23:49]}  Re8 {[%clk 1:24:18]} 11. Rc1 {[%clk 1:22:44]}  Bf5 {[%clk 1:21:17]} 12. Nb5 {[%clk 1:08:01]}  Bf8 {[%clk 1:09:11]} 13. Na3 {[%clk 1:07:32]}  e4 {[%clk 0:48:50]} 14. dxe4 {[%clk 1:05:16]}  Nxe4 {[%clk 0:48:38]} 15. Nb5 {[%clk 0:58:23]}  Nd6 {[%clk 0:38:21]} 16. Nbd4 {[%clk 0:53:53]}  Nxd4 {[%clk 0:37:57]} 17. Nxd4 {[%clk 0:54:15]}  Be4 {[%clk 0:36:56]} 18. f3 {[%clk 0:45:49]}  Bf5 {[%clk 0:27:09]} 19. e4 {[%clk 0:44:31]}  Bd7 {[%clk 0:27:30]} 20. Qd2 {[%clk 0:36:14]}  c5 {[%clk 0:19:49]} 21. Ne2 {[%clk 0:35:52]}  Qb6 {[%clk 0:16:16]} 22. Nf4 {[%clk 0:31:05]}  Bc6 {[%clk 0:14:07]} 23. Rfd1 {[%clk 0:25:34]}  Rad8 {[%clk 0:14:08]} 24. Qf2 {[%clk 0:25:57]}  Nb5 {[%clk 0:11:28]} 25. Bf1 {[%clk 0:25:53]}  Rxd1 {[%clk 0:09:32]} 26. Rxd1 {[%clk 0:26:19]}  Rd8 {[%clk 0:09:34]} 27. Rxd8 {[%clk 0:24:07]}  Qxd8 {[%clk 0:10:02]} 28. Bc4 {[%clk 0:24:31]}  Qd1+ {[%clk 0:08:46]} 29. Qf1 {[%clk 0:19:45]}  Qxf1+ {[%clk 0:06:49]} 30. Kxf1 {[%clk 0:20:10]}  Nd6 {[%clk 0:06:13]} 31. Bd5 {[%clk 0:15:28]}  Bxd5 {[%clk 0:05:51]} 32. Nxd5 {[%clk 0:15:53]}  f6 {[%clk 0:03:54]} 33. Ke2 {[%clk 0:16:17]}  Kf7 {[%clk 0:03:53]} 34. Kd3 {[%clk 0:16:27]}  Nc8 {[%clk 0:03:04]} 35. a4 {[%clk 0:15:14]}  Ke6 {[%clk 0:02:00]} 36. g4 {[%clk 0:15:15]}  Bd6 {[%clk 0:01:31]} 37. f4 {[%clk 0:15:18]}  Ne7 {[%clk 0:01:17]} 38. f5+ {[%clk 0:10:48]}  Kd7 {[%clk 0:01:14]} 39. Nxe7 {[%clk 0:11:12]}  Bxe7 {[%clk 0:01:28]} 40. h4 {[%clk 0:07:55]}  Kc6 {[%clk 0:01:38]} 41. g5 {[%clk 0:06:56]}  hxg5 {[%clk 0:13:59]} 42. hxg5 {[%clk 0:36:08]}  b5 {[%clk 0:06:03]} 43. g6 {[%clk 0:25:22]}  Bf8 {[%clk 0:03:41]} 44. e5 {[%clk 0:18:07]}  fxe5 {[%clk 0:04:00]} 45. Bxe5 {[%clk 0:18:34]}  Kd5 {[%clk 0:03:55]} 46. Bc3 {[%clk 0:18:58]}  a6 {[%clk 0:03:24]} 47. Bb2 {[%clk 0:16:54]}  c4+ {[%clk 0:03:01]} 48. bxc4+ {[%clk 0:17:19]}  bxc4+ {[%clk 0:03:28]} 49. Ke3 {[%clk 0:17:44]}  Bc5+ {[%clk 0:03:04]} 50. Kf3 {[%clk 0:18:07]}  Bf8 {[%clk 0:03:26]} 51. Bc3 {[%clk 0:16:05]}  a5 {[%clk 0:03:01]} 52. Bb2 {[%clk 0:15:53]}  Kc5 {[%clk 0:00:33]} 53. Ba3+ {[%clk 0:16:18]}  Kd4 {[%clk 0:00:57]} 54. Bxf8 {[%clk 0:16:41]}  Ke5 {[%clk 0:01:24]} 55. Kg4 {[%clk 0:17:04]} 1-0

[Event "45th FIDE Chess Olympiad Open"]
[Site "Budapest, Hungary"]
[Date "2024.09.21"]
[Round "10"]
[White "Baburin, Alexander"]
[Black "Meshkovs, Nikita"]
[Result "0-1"]
[Board "110"]
[WhiteFideId "2500914"]
[BlackFideId "11602740"]
[WhiteTitle "GM"]
[BlackTitle "GM"]
[WhiteElo "2376"]
[BlackElo "2534"]
[WhiteTeam "Ireland"]
[BlackTeam "Latvia"]
[WhiteClock "0:04:55"]
[BlackClock "0:28:43"]
[Variant "Standard"]

1. d4 {[%clk 1:30:56]}  Nf6 {[%clk 1:30:31]} 2. c4 {[%clk 1:31:16]}  e6 {[%clk 1:30:27]} 3. Nf3 {[%clk 1:31:40]}  a6 {[%clk 1:30:04]} 4. Nc3 {[%clk 1:31:23]}  d5 {[%clk 1:30:25]} 5. c5 {[%clk 1:31:36]}  Nc6 {[%clk 1:30:46]} 6. Bf4 {[%clk 1:31:30]}  Nh5 {[%clk 1:31:08]} 7. Bg5 {[%clk 1:31:11]}  Be7 {[%clk 1:31:22]} 8. Bxe7 {[%clk 1:31:34]}  Qxe7 {[%clk 1:31:44]} 9. e3 {[%clk 1:30:42]}  Nf6 {[%clk 1:31:24]} 10. Be2 {[%clk 1:30:27]}  O-O {[%clk 1:31:41]} 11. O-O {[%clk 1:30:26]}  Rd8 {[%clk 1:31:55]} 12. Rc1 {[%clk 1:27:43]}  e5 {[%clk 1:25:05]} 13. Nxe5 {[%clk 1:25:57]}  Nxe5 {[%clk 1:25:27]} 14. dxe5 {[%clk 1:26:23]}  Qxe5 {[%clk 1:25:47]} 15. Qd4 {[%clk 1:26:43]}  Qg5 {[%clk 1:22:03]} 16. Rfd1 {[%clk 1:23:52]}  Bh3 {[%clk 1:16:52]} 17. Bf3 {[%clk 1:17:20]}  h5 {[%clk 1:16:23]} 18. Ne2 {[%clk 1:13:04]}  c6 {[%clk 1:09:52]} 19. Qf4 {[%clk 1:10:26]}  Qxf4 {[%clk 1:08:17]} 20. Nxf4 {[%clk 1:10:41]}  Bg4 {[%clk 1:08:42]} 21. h3 {[%clk 0:55:56]}  Bxf3 {[%clk 1:06:47]} 22. gxf3 {[%clk 0:56:19]}  g5 {[%clk 0:48:32]} 23. Ne2 {[%clk 0:55:53]}  Kh7 {[%clk 0:48:22]} 24. Nd4 {[%clk 0:53:42]}  a5 {[%clk 0:42:14]} 25. a4 {[%clk 0:52:25]}  Nd7 {[%clk 0:42:30]} 26. Kf1 {[%clk 0:49:18]}  Kg6 {[%clk 0:38:54]} 27. Ke2 {[%clk 0:49:10]}  Kf6 {[%clk 0:39:18]} 28. h4 {[%clk 0:33:09]}  g4 {[%clk 0:37:49]} 29. f4 {[%clk 0:32:07]}  Nf8 {[%clk 0:34:45]} 30. f3 {[%clk 0:25:29]}  Re8 {[%clk 0:28:21]} 31. fxg4 {[%clk 0:09:25]}  hxg4 {[%clk 0:28:42]} 32. Rg1 {[%clk 0:08:49]}  Re4 {[%clk 0:28:58]} 33. Kf2 {[%clk 0:06:57]}  Rae8 {[%clk 0:28:13]} 34. Rc3 {[%clk 0:06:23]}  Ne6 {[%clk 0:26:14]} 35. Nxe6 {[%clk 0:06:44]}  R8xe6 {[%clk 0:23:37]} 36. Rxg4 {[%clk 0:06:58]}  Rxa4 {[%clk 0:23:55]} 37. Kf3 {[%clk 0:05:02]}  Ra1 {[%clk 0:23:14]} 38. Rg2 {[%clk 0:01:35]}  Rh1 {[%clk 0:22:54]} 39. Kg4 {[%clk 0:01:22]}  Re8 {[%clk 0:22:56]} 40. Rb3 {[%clk 0:01:01]}  d4 {[%clk 0:19:18]} 41. Re2 {[%clk 0:25:31]}  Rf1 {[%clk 0:38:47]} 42. Rd3 {[%clk 0:14:15]}  Rg8+ {[%clk 0:37:49]} 43. Kh3 {[%clk 0:14:27]}  Rf3+ {[%clk 0:38:04]} 44. Kh2 {[%clk 0:14:41]}  dxe3 {[%clk 0:38:20]} 45. Rexe3 {[%clk 0:14:29]}  Rxf4 {[%clk 0:35:30]} 46. Rf3 {[%clk 0:12:32]}  Rgg4 {[%clk 0:35:52]} 47. Rxf4+ {[%clk 0:11:43]}  Rxf4 {[%clk 0:36:20]} 48. Kg3 {[%clk 0:12:03]}  Rb4 {[%clk 0:35:19]} 49. b3 {[%clk 0:12:08]}  Kg6 {[%clk 0:35:41]} 50. Re3 {[%clk 0:10:07]}  f6 {[%clk 0:33:34]} 51. Rf3 {[%clk 0:10:13]}  f5 {[%clk 0:30:56]} 52. Kh3 {[%clk 0:10:16]}  Rb5 {[%clk 0:30:47]} 53. Rg3+ {[%clk 0:09:19]}  Kh6 {[%clk 0:31:01]} 54. Rc3 {[%clk 0:09:19]}  Kh5 {[%clk 0:31:30]} 55. Kg3 {[%clk 0:08:50]}  Rb4 {[%clk 0:31:55]} 56. Rf3 {[%clk 0:08:34]}  f4+ {[%clk 0:30:22]} 57. Rxf4 {[%clk 0:06:36]}  Rxb3+ {[%clk 0:30:50]} 58. Kf2 {[%clk 0:06:53]}  Rb5 {[%clk 0:29:58]} 59. Rf7 {[%clk 0:04:55]}  a4 {[%clk 0:28:43]} 0-1

[Event "45th FIDE Chess Olympiad Open"]
[Site "Budapest, Hungary"]
[Date "2024.09.21"]
[Round "10"]
[White "Kantans, Toms"]
[Black "Kanyamarala, Tarun"]
[Result "1-0"]
[Board "111"]
[WhiteFideId "11602945"]
[BlackFideId "45004714"]
[WhiteTitle "GM"]
[BlackTitle "IM"]
[WhiteElo "2486"]
[BlackElo "2361"]
[WhiteTeam "Latvia"]
[BlackTeam "Ireland"]
[WhiteClock "0:46:21"]
[BlackClock "0:39:02"]
[Variant "Standard"]

1. e4 {[%clk 1:30:56]}  c5 {[%clk 1:30:50]} 2. Nf3 {[%clk 1:31:19]}  e6 {[%clk 1:31:06]} 3. d4 {[%clk 1:31:19]}  cxd4 {[%clk 1:31:26]} 4. Nxd4 {[%clk 1:31:45]}  Nc6 {[%clk 1:31:47]} 5. Nc3 {[%clk 1:31:34]}  d6 {[%clk 1:32:07]} 6. Be3 {[%clk 1:21:44]}  Nf6 {[%clk 1:32:18]} 7. f4 {[%clk 1:17:43]}  Be7 {[%clk 1:31:32]} 8. Qf3 {[%clk 1:14:02]}  e5 {[%clk 1:30:41]} 9. Nxc6 {[%clk 1:12:29]}  bxc6 {[%clk 1:31:01]} 10. Bc4 {[%clk 1:08:35]}  Bg4 {[%clk 1:16:02]} 11. Qg3 {[%clk 1:01:58]}  h5 {[%clk 1:04:26]} 12. O-O {[%clk 0:52:31]}  Nd5 {[%clk 0:46:45]} 13. Bxd5 {[%clk 0:46:56]}  Bh4 {[%clk 0:43:30]} 14. Bxc6+ {[%clk 0:46:08]}  Kf8 {[%clk 0:43:36]} 15. Qxh4 {[%clk 0:46:22]}  Qxh4 {[%clk 0:43:55]} 16. Bxa8 {[%clk 0:46:46]}  Ke7 {[%clk 0:39:02]} 17. Bf2 {[%clk 0:46:21]} 1-0

[Event "45th FIDE Chess Olympiad Open"]
[Site "Budapest, Hungary"]
[Date "2024.09.21"]
[Round "10"]
[White "Fitzsimons, David"]
[Black "Starostits, Ilmars"]
[Result "0-1"]
[Board "112"]
[WhiteFideId "2501961"]
[BlackFideId "11600748"]
[WhiteTitle "IM"]
[BlackTitle "GM"]
[WhiteElo "2315"]
[BlackElo "2344"]
[WhiteTeam "Ireland"]
[BlackTeam "Latvia"]
[WhiteClock "0:06:41"]
[BlackClock "0:39:20"]
[Variant "Standard"]

1. e4 {[%clk 1:30:57]}  c6 {[%clk 1:30:53]} 2. d4 {[%clk 1:31:07]}  d5 {[%clk 1:31:18]} 3. exd5 {[%clk 1:31:17]}  cxd5 {[%clk 1:31:44]} 4. c4 {[%clk 1:31:37]}  Nf6 {[%clk 1:31:40]} 5. Nc3 {[%clk 1:32:00]}  e6 {[%clk 1:31:51]} 6. c5 {[%clk 1:32:14]}  Be7 {[%clk 1:28:53]} 7. Bb5+ {[%clk 1:32:26]}  Bd7 {[%clk 1:29:03]} 8. Bxd7+ {[%clk 1:32:47]}  Qxd7 {[%clk 1:27:41]} 9. b4 {[%clk 1:32:54]}  O-O {[%clk 1:27:26]} 10. Rb1 {[%clk 1:32:02]}  Nc6 {[%clk 1:24:54]} 11. Nf3 {[%clk 1:30:23]}  Ne4 {[%clk 1:24:25]} 12. Qd3 {[%clk 1:29:28]}  a5 {[%clk 1:21:19]} 13. a3 {[%clk 1:28:25]}  axb4 {[%clk 1:21:44]} 14. axb4 {[%clk 1:28:51]}  Nxc3 {[%clk 1:16:28]} 15. Qxc3 {[%clk 1:29:15]}  e5 {[%clk 1:16:55]} 16. Be3 {[%clk 1:16:39]}  e4 {[%clk 1:10:15]} 17. Ne5 {[%clk 1:16:33]}  Nxe5 {[%clk 1:10:29]} 18. dxe5 {[%clk 1:16:57]}  Qb5 {[%clk 1:10:23]} 19. Qc2 {[%clk 1:10:49]}  f5 {[%clk 0:57:55]} 20. g3 {[%clk 1:01:24]}  Rfd8 {[%clk 0:54:00]} 21. Bd4 {[%clk 1:00:15]}  Ra3 {[%clk 0:54:09]} 22. Qe2 {[%clk 0:59:38]}  Rd3 {[%clk 0:52:51]} 23. Rb3 {[%clk 0:36:42]}  Ra8 {[%clk 0:48:54]} 24. Rxd3 {[%clk 0:19:22]}  exd3 {[%clk 0:48:57]} 25. Qb2 {[%clk 0:19:02]}  Ra4 {[%clk 0:47:13]} 26. Bc3 {[%clk 0:17:37]}  Qc4 {[%clk 0:46:01]} 27. O-O {[%clk 0:17:10]}  d4 {[%clk 0:45:25]} 28. Bxd4 {[%clk 0:07:03]}  Rxb4 {[%clk 0:45:43]} 29. Qa3 {[%clk 0:07:28]}  Qxd4 {[%clk 0:44:44]} 30. c6 {[%clk 0:07:46]}  bxc6 {[%clk 0:44:50]} 31. Qa8+ {[%clk 0:07:58]}  Qd8 {[%clk 0:44:55]} 32. Qxc6 {[%clk 0:08:21]}  d2 {[%clk 0:45:00]} 33. Rd1 {[%clk 0:08:30]}  Rb6 {[%clk 0:41:40]} 34. Qc2 {[%clk 0:07:17]}  Bb4 {[%clk 0:41:36]} 35. Qxf5 {[%clk 0:07:26]}  Rc6 {[%clk 0:40:26]} 36. Qf4 {[%clk 0:07:37]}  Qf8 {[%clk 0:40:17]} 37. Qe3 {[%clk 0:07:41]}  h6 {[%clk 0:39:21]} 38. Kf1 {[%clk 0:06:24]}  Qc5 {[%clk 0:39:30]} 39. Qf3 {[%clk 0:06:34]}  Rc8 {[%clk 0:39:12]} 40. Qf5 {[%clk 0:05:53]}  Rf8 {[%clk 0:38:45]} 41. Qe6+ {[%clk 0:06:13]}  Kh8 {[%clk 0:39:10]} 42. f4 {[%clk 0:06:26]}  Qe3 {[%clk 0:39:23]} 43. Qg4 {[%clk 0:06:41]}  Qxe5 {[%clk 0:39:20]} 0-1

[Event "45th FIDE Chess Olympiad Open"]
[Site "Budapest, Hungary"]
[Date "2024.09.21"]
[Round "10"]
[White "Greet, Andrew N"]
[Black "Garcia Pantoja, Roberto"]
[Result "1/2-1/2"]
[Board "113"]
[WhiteFideId "405817"]
[BlackFideId "3509265"]
[WhiteTitle "IM"]
[BlackTitle "GM"]
[WhiteElo "2405"]
[BlackElo "2550"]
[WhiteTeam "Scotland"]
[BlackTeam "Colombia"]
[WhiteClock "0:08:56"]
[BlackClock "0:15:56"]
[Variant "Standard"]

1. c4 {[%clk 1:30:56]}  e5 {[%clk 1:30:39]} 2. Nc3 {[%clk 1:31:19]}  Nc6 {[%clk 1:31:03]} 3. Nf3 {[%clk 1:31:36]}  Nf6 {[%clk 1:31:10]} 4. g3 {[%clk 1:31:51]}  Bb4 {[%clk 1:30:22]} 5. Bg2 {[%clk 1:27:34]}  O-O {[%clk 1:30:41]} 6. O-O {[%clk 1:27:44]}  Re8 {[%clk 1:25:21]} 7. Nd5 {[%clk 1:25:57]}  Nxd5 {[%clk 1:22:22]} 8. cxd5 {[%clk 1:26:19]}  Nd4 {[%clk 1:22:43]} 9. Nxd4 {[%clk 1:24:29]}  exd4 {[%clk 1:23:05]} 10. e4 {[%clk 1:17:40]}  dxe3 {[%clk 1:23:05]} 11. dxe3 {[%clk 1:17:30]}  d6 {[%clk 1:23:22]} 12. a3 {[%clk 1:16:25]}  Bc5 {[%clk 1:23:39]} 13. b4 {[%clk 1:16:40]}  Bb6 {[%clk 1:23:58]} 14. Bb2 {[%clk 1:16:58]}  Bf5 {[%clk 1:22:15]} 15. a4 {[%clk 1:14:07]}  a5 {[%clk 1:20:53]} 16. b5 {[%clk 1:14:20]}  Bc5 {[%clk 1:12:59]} 17. Rc1 {[%clk 1:11:37]}  Qd7 {[%clk 0:58:42]} 18. Rc4 {[%clk 1:07:01]}  f6 {[%clk 0:54:34]} 19. g4 {[%clk 1:02:26]}  Bg6 {[%clk 0:54:58]} 20. h4 {[%clk 1:01:37]}  h6 {[%clk 0:55:12]} 21. h5 {[%clk 0:38:08]}  Bh7 {[%clk 0:51:25]} 22. Kh2 {[%clk 0:37:58]}  Re7 {[%clk 0:51:12]} 23. Rg1 {[%clk 0:26:20]}  Qe8 {[%clk 0:38:08]} 24. Bf3 {[%clk 0:25:18]}  Be4 {[%clk 0:34:07]} 25. Rg3 {[%clk 0:22:42]}  Rb8 {[%clk 0:31:25]} 26. Bxe4 {[%clk 0:19:18]}  Rxe4 {[%clk 0:31:53]} 27. Qd3 {[%clk 0:18:00]}  Rxc4 {[%clk 0:28:58]} 28. Qxc4 {[%clk 0:18:27]}  Qf7 {[%clk 0:28:03]} 29. Qb3 {[%clk 0:13:51]}  Re8 {[%clk 0:27:23]} 30. Qd3 {[%clk 0:12:59]}  Qe7 {[%clk 0:20:49]} 31. Qg6 {[%clk 0:12:05]}  Qe4 {[%clk 0:20:14]} 32. Rf3 {[%clk 0:11:35]}  Qxf3 {[%clk 0:17:33]} 33. Qxe8+ {[%clk 0:11:57]}  Kh7 {[%clk 0:18:00]} 34. Qg6+ {[%clk 0:12:14]}  Kh8 {[%clk 0:18:02]} 35. Qe8+ {[%clk 0:12:29]}  Kh7 {[%clk 0:18:29]} 36. Qg6+ {[%clk 0:12:52]}  Kh8 {[%clk 0:18:58]} 37. Qf5 {[%clk 0:12:37]}  Qxf5 {[%clk 0:13:52]} 38. gxf5 {[%clk 0:13:01]}  b6 {[%clk 0:12:57]} 39. Kg2 {[%clk 0:13:06]}  Kg8 {[%clk 0:13:20]} 40. Kf3 {[%clk 0:13:24]}  Kf7 {[%clk 0:13:44]} 41. Ke2 {[%clk 0:13:33]}  Ke7 {[%clk 0:13:49]} 42. Kd3 {[%clk 0:13:42]}  Kf7 {[%clk 0:14:11]} 43. Bc3 {[%clk 0:08:45]}  Ke7 {[%clk 0:14:22]} 44. f4 {[%clk 0:09:01]}  Kf7 {[%clk 0:14:45]} 45. e4 {[%clk 0:09:24]}  Ke7 {[%clk 0:15:10]} 46. e5 {[%clk 0:09:37]}  Kf7 {[%clk 0:15:32]} 47. e6+ {[%clk 0:09:31]}  Ke7 {[%clk 0:15:56]} 48. Bd2 {[%clk 0:08:56]} 1/2-1/2

[Event "45th FIDE Chess Olympiad Open"]
[Site "Budapest, Hungary"]
[Date "2024.09.21"]
[Round "10"]
[White "Cardoso Cardoso, Jose Gabriel"]
[Black "Olson, Hamish"]
[Result "1-0"]
[Board "114"]
[WhiteFideId "4430492"]
[BlackFideId "2404257"]
[WhiteTitle "GM"]
[BlackTitle "FM"]
[WhiteElo "2508"]
[BlackElo "2384"]
[WhiteTeam "Colombia"]
[BlackTeam "Scotland"]
[WhiteClock "0:16:44"]
[BlackClock "0:16:39"]
[Variant "Standard"]

1. e4 {[%clk 1:30:55]}  e5 {[%clk 1:30:52]} 2. Nf3 {[%clk 1:31:09]}  Nc6 {[%clk 1:31:16]} 3. Bb5 {[%clk 1:31:30]}  a6 {[%clk 1:31:37]} 4. Ba4 {[%clk 1:31:52]}  Nf6 {[%clk 1:31:56]} 5. O-O {[%clk 1:32:06]}  Nxe4 {[%clk 1:32:07]} 6. d4 {[%clk 1:31:56]}  Be7 {[%clk 1:32:25]} 7. Re1 {[%clk 1:31:24]}  b5 {[%clk 1:32:36]} 8. Rxe4 {[%clk 1:31:40]}  d5 {[%clk 1:32:48]} 9. Nxe5 {[%clk 1:31:56]}  Nxe5 {[%clk 1:33:01]} 10. Rxe5 {[%clk 1:32:23]}  bxa4 {[%clk 1:33:10]} 11. Qe2 {[%clk 1:32:30]}  f6 {[%clk 1:33:04]} 12. Re3 {[%clk 1:32:16]}  c5 {[%clk 1:32:44]} 13. dxc5 {[%clk 1:28:21]}  Kf7 {[%clk 1:32:34]} 14. Nc3 {[%clk 1:19:19]}  Bxc5 {[%clk 1:31:52]} 15. Rd3 {[%clk 1:16:20]}  Qe7 {[%clk 1:31:54]} 16. Be3 {[%clk 1:07:15]}  d4 {[%clk 1:18:29]} 17. Bxd4 {[%clk 1:06:14]}  Qxe2 {[%clk 1:17:04]} 18. Nxe2 {[%clk 1:06:36]}  Re8 {[%clk 1:14:33]} 19. Nc3 {[%clk 0:50:43]}  Bxd4 {[%clk 1:13:42]} 20. Rxd4 {[%clk 0:51:06]}  a3 {[%clk 1:13:41]} 21. b3 {[%clk 0:51:31]}  Bf5 {[%clk 1:05:31]} 22. Ra4 {[%clk 0:48:17]}  Bxc2 {[%clk 0:51:47]} 23. Rxa3 {[%clk 0:47:59]}  Rac8 {[%clk 0:49:54]} 24. Nd5 {[%clk 0:47:20]}  Bd3 {[%clk 0:40:20]} 25. h3 {[%clk 0:45:30]}  Red8 {[%clk 0:35:09]} 26. Ra5 {[%clk 0:37:35]}  Bb5 {[%clk 0:33:01]} 27. Ne3 {[%clk 0:36:44]}  Rd2 {[%clk 0:32:21]} 28. Re1 {[%clk 0:36:17]}  Be2 {[%clk 0:31:01]} 29. g4 {[%clk 0:30:50]}  g6 {[%clk 0:28:42]} 30. Kg2 {[%clk 0:27:36]}  Rc3 {[%clk 0:27:29]} 31. Kg3 {[%clk 0:24:29]}  Kg7 {[%clk 0:26:16]} 32. Rb1 {[%clk 0:21:05]}  Kf7 {[%clk 0:25:12]} 33. b4 {[%clk 0:19:59]}  Rd4 {[%clk 0:22:51]} 34. Rb2 {[%clk 0:17:42]}  Bd3 {[%clk 0:20:11]} 35. Rd2 {[%clk 0:15:53]}  f5 {[%clk 0:18:32]} 36. gxf5 {[%clk 0:15:48]}  gxf5 {[%clk 0:18:54]} 37. Rxf5+ {[%clk 0:16:04]}  Bxf5 {[%clk 0:18:48]} 38. Rxd4 {[%clk 0:16:29]}  Ra3 {[%clk 0:16:39]} 39. Rf4 {[%clk 0:16:44]} 1-0

[Event "45th FIDE Chess Olympiad Open"]
[Site "Budapest, Hungary"]
[Date "2024.09.21"]
[Round "10"]
[White "Waldhausen Gordon, Frederick"]
[Black "Avila Pavas, Santiago"]
[Result "0-1"]
[Board "115"]
[WhiteFideId "2409143"]
[BlackFideId "4437128"]
[WhiteTitle "FM"]
[BlackTitle "GM"]
[WhiteElo "2351"]
[BlackElo "2485"]
[WhiteTeam "Scotland"]
[BlackTeam "Colombia"]
[WhiteClock "0:14:53"]
[BlackClock "0:01:59"]
[Variant "Standard"]

1. d4 {[%clk 1:30:59]}  Nf6 {[%clk 1:30:42]} 2. c4 {[%clk 1:31:25]}  g6 {[%clk 1:30:32]} 3. Nc3 {[%clk 1:31:49]}  d5 {[%clk 1:30:56]} 4. Nf3 {[%clk 1:32:12]}  Bg7 {[%clk 1:31:21]} 5. Qb3 {[%clk 1:32:39]}  dxc4 {[%clk 1:30:28]} 6. Qxc4 {[%clk 1:33:03]}  Be6 {[%clk 1:30:55]} 7. Qa4+ {[%clk 1:33:25]}  Bd7 {[%clk 1:31:19]} 8. Qa3 {[%clk 1:33:52]}  Bc6 {[%clk 1:20:18]} 9. e3 {[%clk 1:34:08]}  Bxf3 {[%clk 1:12:31]} 10. gxf3 {[%clk 1:34:29]}  O-O {[%clk 1:12:57]} 11. Bg2 {[%clk 1:34:39]}  c6 {[%clk 1:12:58]} 12. f4 {[%clk 1:34:31]}  Nbd7 {[%clk 1:09:05]} 13. O-O {[%clk 1:32:02]}  e6 {[%clk 1:02:55]} 14. Rd1 {[%clk 1:30:30]}  Nd5 {[%clk 0:58:51]} 15. Bd2 {[%clk 1:24:45]}  Qh4 {[%clk 0:57:49]} 16. h3 {[%clk 1:19:44]}  N7f6 {[%clk 0:51:17]} 17. b4 {[%clk 1:16:37]}  a6 {[%clk 0:50:04]} 18. Ne2 {[%clk 1:10:58]}  Nh5 {[%clk 0:49:54]} 19. Be1 {[%clk 1:10:06]}  Kh8 {[%clk 0:49:16]} 20. Rac1 {[%clk 1:07:07]}  Rg8 {[%clk 0:47:06]} 21. Qb2 {[%clk 1:01:45]}  Bh6 {[%clk 0:40:41]} 22. Kh2 {[%clk 0:53:29]}  Rg7 {[%clk 0:20:12]} 23. Ng1 {[%clk 0:45:31]}  Qf6 {[%clk 0:20:25]} 24. Qe2 {[%clk 0:43:24]}  Rag8 {[%clk 0:16:53]} 25. Bd2 {[%clk 0:39:09]}  g5 {[%clk 0:15:30]} 26. Bxd5 {[%clk 0:39:24]}  gxf4 {[%clk 0:14:01]} 27. Bf3 {[%clk 0:24:41]}  fxe3 {[%clk 0:09:12]} 28. fxe3 {[%clk 0:23:01]}  Ng3 {[%clk 0:09:15]} 29. Qf2 {[%clk 0:22:10]}  Ne4 {[%clk 0:02:17]} 30. Qe2 {[%clk 0:22:35]}  Qh4 {[%clk 0:01:49]} 31. Rf1 {[%clk 0:11:25]}  Ng3 {[%clk 0:02:18]} 32. Qd3 {[%clk 0:11:47]}  Nxf1+ {[%clk 0:02:43]} 33. Rxf1 {[%clk 0:12:13]}  Rxg1 {[%clk 0:02:20]} 34. Rxg1 {[%clk 0:12:34]}  Qf2+ {[%clk 0:02:49]} 35. Bg2 {[%clk 0:12:53]}  Qg3+ {[%clk 0:03:13]} 36. Kh1 {[%clk 0:13:14]}  Bf4 {[%clk 0:03:40]} 37. exf4 {[%clk 0:13:30]}  Qxd3 {[%clk 0:04:06]} 38. Be1 {[%clk 0:13:29]}  Qxd4 {[%clk 0:04:16]} 39. Rf1 {[%clk 0:13:53]}  f6 {[%clk 0:04:25]} 40. Kh2 {[%clk 0:14:13]}  Kg7 {[%clk 0:04:36]} 41. Rf3 {[%clk 0:14:34]}  Kf7 {[%clk 0:04:49]} 42. a4 {[%clk 0:14:35]}  Qd1 {[%clk 0:02:27]} 43. Bg3 {[%clk 0:13:29]}  Qxa4 {[%clk 0:02:41]} 44. Rd3 {[%clk 0:13:55]}  Qxb4 {[%clk 0:01:06]} 45. Rd7+ {[%clk 0:14:18]}  Ke8 {[%clk 0:01:32]} 46. Rxh7 {[%clk 0:14:35]}  Qc3 {[%clk 0:01:45]} 47. Bh4 {[%clk 0:14:53]}  Qc2 {[%clk 0:01:59]} 0-1